00996nam a22001817a 4500003000500000005001700005008004100022020001800063050002500081100002700106245009700133250001600230260004000246300002200286520041400308650006200722700003000784SISC20180131093330.0180130b xxu||||| |||| 00| 0 eng d a9789715084758 aPL 5501 b.F56 2015 aFlores, Annette Acacio aMga tala sa dagat /cisinulat ni Annette Acacio Flores; isinalin sa Filipino ni Nanoy Rafael a2nd edition aQuezon City:bAdarna House,cc2014. a94 pages;c20 cm. aIsang pag-iibigan ang nabuo sa pagitan ng prinsesa at ng isang mangingisda. Isang bata ang kailangang isuko ang paglalaro at pag-aaral, alang-alang sa pagiging pinakamahusay na mangingisda ng bayan. Nauugnay ang lahat ng ito ng isang pangako, isang pangako tungkol sa higanteng dagat na may dala-dalang mga tala. Ito ang kwento ng isang pamilya ng mga mangingisda at ng kanilang tadhanang nakatali sa dagat. 2Library of Congress Subject Headings aPhilippine fiction aRafael, Nanoyetranslator